Frederico (Registo nº 4344)

Detalhes MARC
000 -Etiqueta do registo
Cabeçalho 00662nam a2200253 4500
005 - Identificador da versão
Campo de controlo 20240813122058.0
010 ## - Número internacional normalizado dos livros (ISBN)
Número (ISBN) 972878127X
021 ## - Número do Depósito Legal
Código do país PT
Número 218083-04
100 ## - Dados gerais de processamento
Dados gerais de processamento 20060112d2004 m y0pory5003 ba
102 ## - Pais de publicação ou produção
País de publicação Portugal
101 1# - Língua de publicação
Língua do texto, banda sonora, etc. Português
215 ## - Descrição física 
Indicação específica da natureza do documento e extensão da espécie [27] p.
Outras indicações físicas il.
Dimensões 31 cm
200 1# - Titulo e menção de responsabilidade
Título próprio Frederico
Título paralelo Frederick
Primeira menção de responsabilidade Leo Lionni
Outras menções de responsabilidade des. Ana Barros
225 1# - Colecção 
Título próprio da colecção Livros para sonhar
210 ## - Publicação, Distribuição, etc. 
Lugar da edição, distribuição, etc. [Pontevedra]
Nome do editor, distribuidor, etc. Kalandraka
Data da publicação, distribuição, etc. 2004
620 ## - Acesso pelo local
Country PT
City Lisboa
675 ## - Classificação Decimal Universal (CDU)
Notação 087.5:82/89-34
Língua da edição fre
Edição med
701 #1 - Nome de autor-pessoa física (co-responsabilidade principal)
Palavra de ordem Barros
Outra parte do nome não tomada para palavra de ordem Ana
Código de função Técnico gráfico / Colorista / Desenhador gráfico / Designer / Impressor de fotografias / Técnico de desenho computorizado
700 #1 - Nome de autor-pessoa física (responsabilidade principal)
Número de registo de entrada de autoridade 0000794
Palavra de ordem Lionni
Outra parte do nome não tomada para palavra de ordem Leo
942 ## - Elementos de entrada adicionados (Koha)
Tipo de item no Koha Livro
Exemplares
Situação do levantamento Origin of item (home branch) (coded) Biblioteca de empréstimo Código de barras Cota Circulation type (not for loan) Tipo de documento Nota do exemplar Damaged status
  Biblioteca Escolar das Vendas Biblioteca Escolar das Vendas BEV1015/05 8EST LIO   Livro Sem mensagem